000 00661nam a2200217 i 4500
001 132617
003 ES-MaACL
005 20230906194220.0
007 t|
008 070214s1969 sp r ||||1| spa d
100 1 _aRondet, Henri.
_999509
245 1 3 _aEl pecado original en la tradición patrística y teológica /
_cHenri Rondet, S. J. ; traductor: Alfredo Crespo.
260 _aBarcelona :
_bPlaza & Janés,
_c1969.
300 _a347 p. ;
_c19 cm.
490 1 _aEspiritu
650 0 4 _aPecado original.
_915902
700 1 _aCrespo, Alfredo.
_941511
830 0 _aEspiritu
_9219664
852 _aES-MaACL
_jC-51029
_bR.72586
999 _c132617
_d132617